<?xml version="1.0" encoding="UTF-8"?>
<record
    xmlns:xsi="http://www.w3.org/2001/XMLSchema-instance"
    xsi:schemaLocation="http://www.loc.gov/MARC21/slim http://www.loc.gov/standards/marcxml/schema/MARC21slim.xsd"
    xmlns="http://www.loc.gov/MARC21/slim">

  <leader>00755cam a22002412a 4500</leader>
  <controlfield tag="001">  021176</controlfield>
  <controlfield tag="003">  AR-FADEU</controlfield>
  <controlfield tag="005">20180619052841.0</controlfield>
  <controlfield tag="008">  311216n1989####xxu####################dd</controlfield>
  <datafield tag="020" ind1=" " ind2=" ">
    <subfield code="a">950-25-1539-0</subfield>
  </datafield>
  <datafield tag="040" ind1=" " ind2=" ">
    <subfield code="c">Biblioteca Ernesto S&#xE1;bato</subfield>
  </datafield>
  <datafield tag="092" ind1=" " ind2=" ">
    <subfield code="a">361.558 212</subfield>
    <subfield code="b">H666</subfield>
    <subfield code="e">BDT</subfield>
  </datafield>
  <datafield tag="100" ind1=" " ind2=" ">
    <subfield code="a">Hintze, Susana</subfield>
  </datafield>
  <datafield tag="245" ind1=" " ind2=" ">
    <subfield code="a">Estrategias alimentarias de sobrevivencia (un estudio del caso en el gran Buenos Aires)</subfield>
  </datafield>
  <datafield tag="260" ind1=" " ind2=" ">
    <subfield code="a">Buenos Aires</subfield>
  </datafield>
  <datafield tag="260" ind1=" " ind2=" ">
    <subfield code="b">Centro Editor de Am&#xE9;rica Latina</subfield>
  </datafield>
  <datafield tag="260" ind1=" " ind2=" ">
    <subfield code="c">1989</subfield>
  </datafield>
  <datafield tag="300" ind1=" " ind2=" ">
    <subfield code="a">2 v</subfield>
  </datafield>
  <datafield tag="440" ind1=" " ind2=" ">
    <subfield code="a">Biblioteca pol&#xED;tica argentina </subfield>
    <subfield code="n"> 270-271</subfield>
  </datafield>
  <datafield tag="500" ind1=" " ind2=" ">
    <subfield code="a">Tomo 1. Inv. 18545 -- Tomo 2. Inv. 18546</subfield>
  </datafield>
  <datafield tag="650" ind1=" " ind2=" ">
    <subfield code="a">HAMBRE-ARGENTINA; VILLA MISERIA-BUENOS AIRES/BDT/</subfield>
  </datafield>
  <datafield tag="942" ind1=" " ind2=" ">
    <subfield code="c">BDT</subfield>
    <subfield code="2">ddc</subfield>
  </datafield>
  <datafield tag="999" ind1=" " ind2=" ">
    <subfield code="c">32420</subfield>
    <subfield code="d">32420</subfield>
  </datafield>
  <datafield tag="952" ind1=" " ind2=" ">
    <subfield code="0">0</subfield>
    <subfield code="1">0</subfield>
    <subfield code="2">ddc</subfield>
    <subfield code="4">0</subfield>
    <subfield code="7">0</subfield>
    <subfield code="8">BDT</subfield>
    <subfield code="a">AR-FADEU</subfield>
    <subfield code="b">AR-FADEU</subfield>
    <subfield code="c">BDT</subfield>
    <subfield code="d">2018-06-19</subfield>
    <subfield code="i">23155</subfield>
    <subfield code="l">0</subfield>
    <subfield code="o">361.558 212 H666</subfield>
    <subfield code="p">23155</subfield>
    <subfield code="r">2018-06-19 00:00:00</subfield>
    <subfield code="w">2018-06-19</subfield>
    <subfield code="y">BDT</subfield>
  </datafield>
  <datafield tag="952" ind1=" " ind2=" ">
    <subfield code="0">0</subfield>
    <subfield code="1">0</subfield>
    <subfield code="2">ddc</subfield>
    <subfield code="4">0</subfield>
    <subfield code="7">0</subfield>
    <subfield code="8">BDT</subfield>
    <subfield code="a">AR-FADEU</subfield>
    <subfield code="b">AR-FADEU</subfield>
    <subfield code="c">BDT</subfield>
    <subfield code="d">2018-06-19</subfield>
    <subfield code="i">23156</subfield>
    <subfield code="l">0</subfield>
    <subfield code="o">361.558 212 H666</subfield>
    <subfield code="p">23156</subfield>
    <subfield code="r">2018-06-19 00:00:00</subfield>
    <subfield code="w">2018-06-19</subfield>
    <subfield code="y">BDT</subfield>
  </datafield>
</record>
